'Lord of the Rings' Chapters by ANY Word Quiz Stats

Quiz Updated Apr 25, 2016

Challenge
Share
Tweet
Embed
Score 0/62 Timer 10:00
0 Plays Today
Book Chapter % Correct
Book IA Short Cut to Mushrooms
95.1%
Book IIA Journey in the Dark
94.8%
Book IA Knife in the Dark
94.5%
Book IA Long-expected Party
94.4%
Book IA Conspiracy Unmasked
91.2%
Book IVJourney to the Cross-roads
84.6%
Book IIIThe Road to Isengard
84.5%
Book IFlight to the Ford
83.3%
Book IIFarewell to Lórien
82.7%
Book IIn the House of Tom Bombadil
82.1%
Book VIThe Steward and the King
82%
Book IIThe Ring Goes South
80.5%
Book IVThe Black Gate is Closed
73.9%
Book IIIThe King of the Golden Hall
72.3%
Book IFog on the Barrow-downs
68.6%
Book IThree is Company
65.2%
Book IVThe Window on the West
63.4%
Book IVOf Herbs and Stewed Rabbit
63.2%
Book IIIFlotsam and Jetsam
63.1%
Book VThe Black Gate Opens
61.5%
Book VIMount Doom
60.9%
Book IIIThe White Rider
59.5%
Book VIThe Scouring of the Shire
58.3%
Book VThe Battle of the Pelennor Fields
56.2%
Book IAt the Sign of The Prancing Pony
56.1%
Book IIThe Breaking of the Fellowship
55.3%
Book VIThe Tower of Cirith Ungol
54.2%
Book IIIThe Riders of Rohan
54.2%
Book IThe Old Forest
53.4%
Book IIIHelm's Deep
49.3%
Book VThe Muster of Rohan
49.3%
Book Chapter % Correct
Book VIThe Grey Havens
48.6%
Book IIThe Council of Elrond
48.5%
Book VThe Passing of the Grey Company
47.8%
Book IIThe Great River
46.8%
Book VThe Siege of Gondor
43.8%
Book IIIThe Voice of Saruman
42.7%
Book IVThe Taming of Sméagol
42.3%
Book VMinas Tirith
40.8%
Book VThe Ride of the Rohirrim
40.1%
Book IIThe Mirror of Galadriel
40.1%
Book IStrider
40.1%
Book IIITreebeard
39.6%
Book IIIThe Departure of Boromir
39.4%
Book IILothlórien
36.6%
Book IVThe Choices of Master Samwise
36.5%
Book IVShelob's Lair
35.6%
Book VIThe Land of Shadow
34.8%
Book IIThe Bridge of Khazad-dûm
34.3%
Book IThe Shadow of the Past
34.1%
Book IVThe Stairs of Cirith Ungol
34%
Book VIThe Field of Cormallen
31.3%
Book IVThe Passage of the Marshes
30.5%
Book IIMany Meetings
28.1%
Book VThe Last Debate
28%
Book VIMany Partings
27.5%
Book IIIThe Uruk-hai
27.3%
Book IIIThe Palantír
24.2%
Book VThe Pyre of Denethor
23.6%
Book VThe Houses of Healing
23.5%
Book IVThe Forbidden Pool
21.2%
Book VIHomeward Bound
14%

You're not logged in!

Compare scores with friends on all Sporcle quizzes.
Join for Free
OR
Log In

Show Comments

Extras

Top Quizzes Today


Score Distribution

Your Account Isn't Verified!

In order to create a playlist on Sporcle, you need to verify the email address you used during registration. Go to your Sporcle Settings to finish the process.

Report this User

Report this user for behavior that violates our Community Guidelines.

Details: